| 000 | 01110nam a22001817a 4500 | ||
|---|---|---|---|
| 999 |
_c20835 _d20835 |
||
| 003 | BDDh-ASL | ||
| 005 | 20231015025937.0 | ||
| 008 | 210114s1956 enk||||| |||| 00| 0 eng d | ||
| 040 | _cBDDh-ASL | ||
| 082 |
_a297.4 _bARS |
||
| 100 | 1 |
_91634 _aArberry, A. J. |
|
| 245 | 1 | 0 |
_aSufism: _bAn account of the mystics of Islam / |
| 260 |
_aLondon: _bGeorge Allen & Unwin Ltd., _c1956. |
||
| 300 |
_a143 p.: _c19 cm. |
||
| 504 | _aInclude Index | ||
| 650 | 0 |
_aSufism, ˈso͞ofˌizəm, সুফিবাদ, Suphibāda, রহস্যবাদ, obscurantism, সুফি-পীর-দরবেশ, Suphi-pīra-darabēśa, Sufi-pir-dervish, পীর-দরবেশ, Pīra-darabēśa, Peer-Darbesh, ওলী-আউলিয়ার, Ōlī-ā'uliẏāra, Oli-Auliar, yogi, ˈyōɡē, যোগী, Yōgī, সন্ন্যাসী, Sann'yāsī, monastic, ভিক্ষু, ধর্মার্থ মঠবাসী ব্যক্তি, recluse, monk, নির্জনবাসী ব্যক্তি, saint, sānt, সাধু, Sādhu, সন্ত, patron saint _xIslam _92764 |
|
| 942 |
_2ddc _cBK |
||